00413nam a2200145Ia 4500008004100000041000900041082001900050100001500069245002200084260003200106300000800138650000800146999001700154952009600171230718s9999 xx 000 0 und d aEng. a344.409bSIN-L aSingh, J.S 0aLegal Language  aPakistanbLexis Nexisc2015 a422 aLaw c31365d31365 00104070aSIRC-LbSIRC-Ld2023-07-18l0o344.409 SIN-Lp26316r2023-07-18w2023-07-18yBK